Statistics for Most Populous U.S. Counties

Click here to take the quiz!

General Stats

  • This quiz has been taken 18 times
  • The average score is 11 of 20

Answer Stats

Pop.County% Correct
10,163,507Los Angeles
94%
2,358,582Queens
94%
2,188,649King
88%
5,211,263Cook
81%
2,648,771Kings
75%
3,190,400Orange
75%
1,664,727New York
69%
3,337,685San Diego
69%
2,618,148Dallas
56%
2,751,796Miami-Dade
56%
4,652,980Harris
50%
4,307,033Maricopa
44%
1,753,616Wayne
44%
2,204,079Clark
38%
2,423,266Riverside
31%
2,157,404San Bernardino
31%
1,958,578Bexar
25%
1,935,878Broward
25%
2,054,475Tarrant
25%
1,938,153Santa Clara
19%

Score Distribution

Percentile by Number Answered

Percent of People with Each Score

Your Score History

You have not taken this quiz